Life endures: (Record no. 17005)

000 -LEADER
fixed length control field 00516nam a2200169 a 4500
001 - CONTROL NUMBER
control field :::00020396$&:&@@
003 - CONTROL NUMBER IDENTIFIER
control field OkBaRHE
005 - DATE AND TIME OF LATEST TRANSACTION
control field 20020226125115.0
008 - FIXED-LENGTH DATA ELEMENTS--GENERAL INFORMATION
fixed length control field s1946 j 000 0 eng u
040 ## - CATALOGING SOURCE
Transcribing agency
100 1# - MAIN ENTRY--PERSONAL NAME
Personal name Laurin, Roy L.
245 10 - TITLE STATEMENT
Title Life endures:
Remainder of title a devotional exposition of second Corinthians.
260 ## - PUBLICATION, DISTRIBUTION, ETC. (IMPRINT)
Place of publication, distribution, etc Grand Rapids, MI
Name of publisher, distributor, etc Zondervan
Date of publication, distribution, etc 1946
300 ## - PHYSICAL DESCRIPTION
Extent 248 p.
942 ## - ADDED ENTRY ELEMENTS (KOHA)
Source of classification or shelving scheme
Koha item type Books
Copies
Lost status Copy number Permanent Location Full call number Barcode Date last seen Price effective from Source of classification or shelving scheme Shelving location Date acquired Not for loan Damaged status Withdrawn status Koha item type
 1RHEMA Bible Training CollegeBS 2675 .L36203962018-04-032010-04-14 General Stacks2010-04-14   Books